000 00813nam a2200253Ia 4500
003 OSt
005 20220925222317.0
006 a|||||r|||| 00| 0
007 ta
008 220923b |||||||| |||| 00| 0 eng d
020 _a9781137509055
_c5631.30
037 _b12992, 08/03/2017, Elite Publisher Distributors
_cGeneral Book
040 _aRTL
_cRTL
_beng
041 _2eng
_aeng
082 _aY72.3(Q).247, Q6
100 _aMATHUR Shubh
245 0 _aHuman toll of the Kashmir conflict.
260 _aLondon
_bPalgrave Macmillan
_c2016
300 _avii,182p.
_ccm.
490 _aWider Studies in development Economics
650 _aSociology
942 _hY72.3(Q).247, Q6
_cGB
_2CC
999 _c576667
_d576667